000 00211nam a2200097Ia 4500
008 190216s9999||||xx |||||||||||||| ||und||
100 _aGhasi Ahamed
245 0 _aSaving Of Mohamed
260 _bNull
942 _cBK
999 _c21948
_d21948